Sigmund Freud - Statistiques

Statistiques générales
  • Ce quiz a été pris 108 fois
  • Le résultat moyen est 5 sur 15
Statistiques - réponses
Indices Réponses % Correct
Ville où il a vécu et travaillé le plus longtemps Vienne
86%
Concept fondateur de la théorie psychanalytique inconscient
58%
Neurologue français admiré, au début Jean-Martin Charcot
56%
Année de sa mort 1939
54%
Année de sa naissance 1856
53%
Sa spécialité de médecin Neurologue
49%
Ville où il est mort Londres
45%
Naturaliste anglais admiré, toute sa vie Charles Darwin
30%
Structure universelle...complexe ! Oedipe
25%
Fille pleine de gratitude Anna Freud
23%
Méthode psychanalytique fondatrice association libre
21%
"Fils" ingrat Carl-Gustav Jung
18%
"Fils" émancipé Jacques Lacan
18%
Région de naissance, qui appartenait à l'époque à l'empire autrichien Moravie
8%
Nom du dispositif freudien (meubles indispensables) divan-fauteuil
4%
Aucun quiz correspondant
Distribution des résultats
% des personnes avec chaque résultat
Percentile par nombre de réponses
Votre historique - résultats
Vous n’avez pas pris ce quiz